Compras: un enfoque estrategico/ (Registro nro. 9144)

Detalles MARC
000 -LEADER
fixed length control field 00826nam a2200205Ia 4500
005 - FECHA Y HORA DE LA ÚLTIMA TRANSACCIÓN
control field 20230906084351.0
008 - FIXED-LENGTH DATA ELEMENTS--GENERAL INFORMATION
fixed length control field 230903s9999 xx 000 0 und d
020 ## - INTERNATIONAL STANDARD BOOK NUMBER
International Standard Book Number 9701061454
040 ## - CATALOGING SOURCE
Original cataloging agency UPAN
Transcribing agency Biblioteca San Vicente
Description conventions RCAA2
041 ## - LANGUAGE CODE
Language code of text/sound track or separate title spa
082 ## - DEWEY DECIMAL CLASSIFICATION NUMBER
Classification number 358.72
Item number M435c
año de publicación 2007
100 ## - MAIN ENTRY--PERSONAL NAME
Personal name Cruz Mecinas, Leonel
Relator code aut.
245 #0 - TITLE STATEMENT
Title Compras: un enfoque estrategico/
Remainder of title Leonel Cruz Mecinas
250 ## - EDITION STATEMENT
Edition statement 1° ed.
260 ## - PUBLICATION, DISTRIBUTION, ETC. (IMPRINT)
Place of publication, distribution, etc Mexico:
Name of publisher, distributor, etc McGraw Hill,
Date of publication, distribution, etc 2007
300 ## - PHYSICAL DESCRIPTION
Extent 162 p.;
Dimensions 23 cm.
505 ## - FORMATTED CONTENTS NOTE
Formatted contents note Capitulo 1. Generalidades sobre las compras<br/>Capitulo 2. Organización del departamento de compras <br/>Capitulo 3. Almacén <br/>Capitulo 4. Elementos esenciales de una buena compra<br/>Capitulo 5. Procedimiento de compras<br/>Capitulo 6. Compras y cuentas por pagar
650 ## - SUBJECT ADDED ENTRY--TOPICAL TERM
Source of heading or term LEMB
Topical term or geographic name as entry element Estrategia
General subdivision Compras
942 ## - ADDED ENTRY ELEMENTS (KOHA)
Koha item type Libros
Source of classification or shelving scheme Dewey Decimal Classification
Existencias
Withdrawn status Lost status Source of classification or shelving scheme Damaged status Not for loan Collection code Home library Current library Date acquired Total Checkouts Full call number Barcode Date last seen Copy number Price effective from Koha item type
    Dewey Decimal Classification     Colección General Biblioteca UPAN San Vicente Biblioteca UPAN San Vicente 03/09/2023   358.72 M435c 12002697 03/09/2023 01 03/09/2023 Libros
    Dewey Decimal Classification     Colección General Biblioteca UPAN San Vicente Biblioteca UPAN San Vicente 03/09/2023   358.72 M435c 12002696 06/09/2023 02 03/09/2023 Libros
    Dewey Decimal Classification     Colección General Biblioteca UPAN San Vicente Biblioteca UPAN San Vicente 03/09/2023   358.72 M435c 12002695 06/09/2023 03 03/09/2023 Libros